Dzielnice Gdyni (z mapą) - Statystyki

Ogólne statystyki
  • Ten quiz został rozwiązany 261 razy
  • Średni wynik to 16 z 21
Odpowiedzi na mapie
Odpowiedzi zakodowano w zielono-czerwonej skali na mapie do tego quizu, zgodnie z poniższymi procentami.
 
Statystyki odpowiedzi
Dzielnica % Poprawnych
Chylonia
95%
Śródmieście
94%
Orłowo
93%
Redłowo
90%
Cisowa
86%
Witomino
83%
Chwarzno-Wiczlino
81%
Oksywie
81%
Wielki Kack
81%
Wzgórze św. Maksymiliana
81%
Mały Kack
80%
Grabówek
73%
Obłuże
71%
Pogórze
71%
Karwiny
70%
Dąbrowa
69%
Babie Doły
68%
Leszczynki
68%
Pustki Cisowskie-Demptowo
65%
Kamienna Góra
61%
Działki Leśne
60%
Nie znaleziono quizów pasujących do podanych kryteriów
Rozkład punktacji
Procent ludzi z każdym wynikiem
Percentyl według liczby udzielonych odpowiedzi
Twoja historia wyników
Nie rozwiązałeś tego quizu